000 00691nam a22002657a 4500
999 _c307867
_d307867
001 21661
003 UA-OsUOA
005 20200323131026.0
007 ta
008 20031212b un ||||| |||| 00| 0 ukr d
020 _a5282020718
040 _aUA-OsUOA
_brus
_cUA-OsUOA
_dUA-OsUOA
041 _arus
044 _aRU
080 _a339
090 _a339
_bХ24
100 _aХасбулатов Р. И.
245 _aМировая экономика: теория, принципы, политика
_bв двух томах
_nт. 1
260 _aМосква
_bЭкономика
_c2001
300 _a598 с.
490 _vт. 1
650 7 _2UDC
942 _cBK
_2udc
955 _a0